| 000 | 00417nam a2200181Ia 4500 | ||
|---|---|---|---|
| 001 | 2406 | ||
| 005 | 20260306144804.0 | ||
| 008 | 260306t2006||||xx |||||||||||||| ||spa|| | ||
| 041 | _aESP | ||
| 082 |
_a616.89 _bJ25 2006 |
||
| 100 |
_aJaspers, Karl _eAUT |
||
| 245 | 0 | _aPsicopatologĂa general | |
| 260 | _c2006 | ||
| 300 |
_a962 páginas : _c23 cm. |
||
| 650 | _aGEN | ||
| 654 | _aCPS | ||
| 942 |
_cLIB _dJUS _fJUS _2ddc _n |
||
| 999 |
_c2406 _d2406 |
||